000 00776nam a2200229 a 4500
001 63667
003 BD-RjUL
005 20211209081224.0
008 170202s2005 bg ||||| |||| 00| 0 ben d
020 _c: TK 50.00
035 _a(BD-RjUL)63796
040 _aBD-RjUL
_bben
_cBD-RjUL
041 _aben
082 _223
_a891.443
_bALS 2005
100 _aআলিম, মোঃ আব্দুল
_9189099
245 1 0 _aশেষ চিঠি /
_cমোঃ আব্দুল আলিম
260 _aরাজশাহী :
_bমোঃ আব্দুল আলিম,
_c২০০৫
300 _a৫৬ পৃ. ;
_c২১ সেমি.
650 _aবাংলা উপন্যাস
_9170454
650 _aBengali Fictions
_9170515
942 _2ddc
_cBK
999 _c63667
_d63667